[Event "Superettan(Manhem II-Farsta)"]
[Site "?"]
[Date "2007.10.20"]
[Round "1"]
[White "Hjelm, Niclas"]
[Black "Welin, Mats"]
[Result "1-0"]
[WhiteElo "2347"]
[BlackElo "2283"]
[PlyCount "111"]

1. e4 e5 2. Nf3 Nc6 3. Bb5 a6 4. Bxc6 dxc6 5. O-O Qf6 6. d4 exd4 7. Bg5 Qd6 8.
Nxd4 Be7 9. Bxe7 Nxe7 10. Nc3 Bd7 11. Nb3 Qxd1 12. Raxd1 b6 13. Rd2 O-O-O 14.
Rfd1 c5 15. Nd5 Nc6 16. Ne3 a5 17. Nc1 Nd4 18. Ne2 Nc6 19. f3 f6 20. Nf4 Rhf8
21. Kf2 Rf7 22. g4 g6 23. h4 Rg8 24. c3 Ne5 25. Nd3 Be6 26. b3 Rgf8 27. Nf4 Bd7
28. Nd3 Be6 29. Nf4 Bd7 30. Nfd5 Kb7 31. Nf4 a4 32. h5 Re8 33. hxg6 hxg6 34.
Nd3 Ref8 35. Nxe5 fxe5 36. Rxd7 Rxf3+ 37. Ke2 Rf2+ 38. Kd3 Rxa2 39. bxa4 Rf3
40. Rf1 c4+ 41. Kxc4 Rxe3 42. Kb3 Ree2 43. Rff7 Reb2+ 44. Kc4 Rxa4+ 45. Kd3 Rg2
46. Rxc7+ Ka6 47. Ra7+ Kb5 48. Rxa4 Kxa4 49. Kc4 b5+ 50. Kd5 Kb3 51. Rf3 Rc2
52. c4+ Kb4 53. cxb5 Rc5+ 54. Ke6 Rxb5 55. Rd3 Kc4 56. Rd6 1-0

[Event "Superettan(Manhem II-Farsta)"]
[Site "?"]
[Date "2007.10.20"]
[Round "1"]
[White "Fendrich, David"]
[Black "Jaderberg, Bjorn"]
[Result "1-0"]
[WhiteElo "2287"]
[BlackElo "2246"]
[PlyCount "73"]

1. g3 c5 2. c4 g6 3. Bg2 Bg7 4. Nc3 Nc6 5. a3 Nf6 6. Rb1 d6 7. b4 O-O 8. Nh3
Ne5 9. d3 Rb8 10. Nf4 b6 11. bxc5 dxc5 12. a4 Bb7 13. Bxb7 Rxb7 14. a5 Nfg4 15.
Ne4 Qa8 16. O-O Rd8 17. Qa4 Nd7 18. Nd5 Ngf6 19. Nexf6+ Nxf6 20. Nxf6+ Bxf6 21.
Ba3 Qc8 22. axb6 Rxb6 23. Qxa7 Ra6 24. Qxc5 Qg4 25. Bb2 Qxe2 26. Bxf6 Rxf6 27.
d4 Rf5 28. d5 Ra8 29. Rbe1 Qg4 30. Rxe7 Rh5 31. Rfe1 Kg7 32. Qc7 Qf3 33. d6 Ra2
34. Rxf7+ Qxf7 35. Re7 Rxf2 36. Rxf7+ Rxf7 37. d7 1-0

[Event "Superettan(Manhem II-Farsta)"]
[Site "?"]
[Date "2007.10.20"]
[Round "1"]
[White "Backelin, Rikard"]
[Black "Eriksson, Mats"]
[Result "1-0"]
[WhiteElo "2390"]
[BlackElo "2211"]
[PlyCount "55"]

1. e4 e5 2. Nf3 Nc6 3. Bc4 Bc5 4. d3 d6 5. c3 Nf6 6. Bb3 O-O 7. Bg5 Bg4 8. h3
Be6 9. Nbd2 Bxb3 10. axb3 Qe7 11. b4 Bb6 12. Nh4 Qe6 13. Qf3 Nd7 14. Nc4 f6 15.
Be3 Bxe3 16. Nxe3 a5 17. b5 Ne7 18. Nhf5 c6 19. Qg4 Kf7 20. Qxg7+ Ke8 21. Qxh7
Kd8 22. bxc6 bxc6 23. Nc4 Rf7 24. Ng7 Rxg7 25. Qxg7 Kc7 26. Qg4 f5 27. exf5
Nxf5 28. Ne3 1-0

[Event "Superettan(Manhem II-Farsta)"]
[Site "?"]
[Date "2007.10.20"]
[Round "1"]
[White "Andersson, Goran"]
[Black "Hedin, Gunnar"]
[Result "0-1"]
[WhiteElo "2190"]
[BlackElo "2178"]
[PlyCount "80"]

1. e4 e6 2. d4 d5 3. Nc3 Nf6 4. Bg5 dxe4 5. Nxe4 Be7 6. Bxf6 gxf6 7. Bc4 c6 8.
Nf3 b6 9. Qe2 Bb7 10. O-O-O Qc7 11. Rhe1 Nd7 12. Ba6 O-O-O 13. Kb1 Rhg8 14. g3
f5 15. Ned2 Bf6 16. Bxb7+ Kxb7 17. Nc4 Nf8 18. Nce5 Ng6 19. Qc4 Nxe5 20. dxe5
Be7 21. Rxd8 Rxd8 22. Nd4 c5 23. Nf3 Qc6 24. Qf4 Qd5 25. c3 Qd3+ 26. Kc1 b5 27.
Qe3 Qd5 28. b3 Kc6 29. Ng5 Bxg5 30. Qxg5 b4 31. Qe3 bxc3 32. Qxc3 Qd4 33. Qxd4
Rxd4 34. Kc2 Kd5 35. f3 h5 36. a3 h4 37. Re2 a5 38. Kc3 a4 39. bxa4 Rxa4 40.
Kb3 Rd4 0-1

[Event "Superettan(Manhem II-Farsta)"]
[Site "?"]
[Date "2007.10.20"]
[Round "1"]
[White "Lindeman, Sven"]
[Black "Bergre, Joachim"]
[Result "1/2-1/2"]
[WhiteElo "2214"]
[BlackElo "2107"]
[PlyCount "64"]

1. e4 d6 2. d4 g6 3. Nc3 Bg7 4. Be3 c6 5. Qd2 b5 6. Nf3 Nd7 7. a4 b4 8. Ne2 a5
9. c3 bxc3 10. Nxc3 Ngf6 11. Bh6 O-O 12. Bxg7 Kxg7 13. Rd1 Qb6 14. Be2 Rb8 15.
Rb1 Ba6 16. O-O Rfd8 17. Bxa6 Qxa6 18. Qf4 Rb4 19. e5 dxe5 20. Nxe5 c5 21. Qf3
Nxe5 22. dxe5 Ng4 23. Rfe1 Qd3 24. Qe2 Nh6 25. Qxd3 Rxd3 26. Kf1 Nf5 27. Ke2
Rd7 28. Red1 Nd4+ 29. Ke1 Nc2+ 30. Ke2 Nd4+ 31. Ke1 Nc2+ 32. Ke2 Nd4+ 1/2-1/2

[Event "Superettan(Manhem II-Farsta)"]
[Site "?"]
[Date "2007.10.20"]
[Round "1"]
[White "Lundstrom, Mattias"]
[Black "Iversen, Kent"]
[Result "1-0"]
[WhiteElo "2036"]
[BlackElo "2076"]
[PlyCount "53"]

1. e4 c5 2. Nf3 e6 3. d4 cxd4 4. Nxd4 a6 5. c4 Nf6 6. Nc3 Bb4 7. Bd3 Qc7 8.
Nde2 h6 9. a3 Be7 10. O-O b6 11. Bf4 d6 12. Rc1 Bb7 13. b4 Nbd7 14. f3 Rc8 15.
Na4 Qd8 16. Qb3 Ne5 17. Rfd1 g5 18. Bxe5 dxe5 19. c5 bxc5 20. Nxc5 Qb6 21. Kh1
O-O 22. Qa4 Rc6 23. Nxb7 Rxc1 24. Rxc1 Qxb7 25. Qxa6 Rb8 26. Qxb7 Rxb7 27. Rc8+
1-0

[Event "Superettan(Manhem II-Farsta)"]
[Site "?"]
[Date "2007.10.20"]
[Round "1"]
[White "Lagerborg, Krister"]
[Black "von Bromssen, Goran"]
[Result "1/2-1/2"]
[WhiteElo "2040"]
[BlackElo "2084"]
[PlyCount "49"]
[EventDate "2007.??.??"]

1. e4 Nf6 2. e5 Nd5 3. d4 d6 4. Nf3 Bg4 5. Be2 c6 6. O-O Bxf3 7. Bxf3 dxe5 8.
dxe5 e6 9. Qe2 Nd7 10. c4 Ne7 11. b3 Qc7 12. Bb2 Ng6 13. Re1 a5 14. a3 Be7 15.
Nd2 O-O 16. g3 Rfd8 17. Rad1 Nc5 18. Be4 Nxe4 19. Qxe4 Rd7 20. Nf3 Rad8 21. Qc2
Bc5 22. Ng5 Be7 23. Nf3 Bc5 24. Ng5 Be7 25. Nf3 1/2-1/2

[Event "Superettan(Upsala II-Eksjo)"]
[Site "?"]
[Date "2007.10.21"]
[Round "2"]
[White "Vernersson, Per"]
[Black "Cederberg, Karl Olof"]
[Result "1-0"]
[WhiteElo "2472"]
[BlackElo "2217"]
[PlyCount "127"]
[EventDate "2007.??.??"]
[SourceDate "2007.11.11"]

1. Nf3 d6 2. d4 Bg4 3. e4 Nf6 4. Nc3 e6 5. Be2 Be7 6. Be3 d5 7. exd5 exd5 8. h3
Bxf3 9. Bxf3 c6 10. O-O O-O 11. Re1 Nbd7 12. Bf4 Re8 13. Qd3 Nf8 14. g3 Qd7 15.
Bg2 Ng6 16. Bd2 Bd6 17. a3 Rxe1+ 18. Rxe1 Re8 19. Kf1 Rxe1+ 20. Kxe1 Ne8 21.
Kd1 Be7 22. Na4 Nd6 23. Bc1 Ne4 24. Ke1 Qe6 25. Kf1 Bf6 26. Nc3 Nxc3 27. Qxc3
Bd8 28. Qd3 Bb6 29. Bd2 Ne7 30. c3 Bc7 31. Qe3 Qxe3 32. Bxe3 Nf5 33. Bc1 Kf8
34. Ke2 Ke7 35. Kd3 Nd6 36. h4 h6 37. Bf4 Ne8 38. Be3 Nf6 39. Bh3 Ne4 40. a4
Nf6 41. Bc8 b6 42. b3 Bd6 43. Bh3 Ne4 44. c4 Bb4 45. Bg2 Nf6 46. Bf3 Ke6 47. g4
Ne8 48. g5 hxg5 49. hxg5 f5 50. cxd5+ cxd5 51. Bh5 Nc7 52. Bf4 Bd6 53. Ke3 Ke7
54. Bg6 Bxf4+ 55. Kxf4 Ne6+ 56. Ke5 Nxg5 57. Bxf5 Nf3+ 58. Kxd5 Kf6 59. Bd3 Kg5
60. b4 Kf4 61. Bg6 Nh4 62. Bh5 g6 63. Bd1 g5 64. Ke6 1-0

[Event "Superettan(Upsala II-Eksjo)"]
[Site "?"]
[Date "2007.10.21"]
[Round "2"]
[White "Johansson, Thomas"]
[Black "Schussler, Harry"]
[Result "1/2-1/2"]
[WhiteElo "2144"]
[BlackElo "2444"]
[PlyCount "144"]

1. e4 g6 2. d4 Bg7 3. Nf3 d6 4. Bc4 e6 5. Qe2 Ne7 6. e5 c5 7. c3 cxd4 8. cxd4
Nbc6 9. O-O O-O 10. Bd2 a6 11. a3 b5 12. Bb3 Bb7 13. Bc3 a5 14. Rd1 b4 15. axb4
axb4 16. Rxa8 Qxa8 17. Be1 Rd8 18. Nbd2 Nf5 19. Nc4 Ba6 20. Qc2 dxe5 21. dxe5
Rxd1 22. Qxd1 Bxc4 23. Bxc4 Nxe5 24. Nxe5 Bxe5 25. b3 Qb8 26. h3 Qb6 27. Kf1
Bd4 28. g4 Nd6 29. Bxb4 Ne4 30. Ba5 Qa7 31. Qf3 Ng5 32. Qd3 Nxh3 33. Qxh3 Qxa5
34. Qf3 Kg7 35. Qe4 Qd2 36. Qf3 Bc5 37. Kg2 Qd4 38. Kf1 Qe5 39. Kg2 Qe1 40. Qe2
Qc3 41. Qf3 Qe5 42. Be2 Qd4 43. Bc4 Bd6 44. Kf1 Bf4 45. Kg2 Be5 46. Kf1 Bf6 47.
Kg2 Qb6 48. Kh3 Bd4 49. Kg2 Qa5 50. Kf1 Qg5 51. Qe4 Qf6 52. Qe2 Qe7 53. Kg2 Qc5
54. Qf3 Qd6 55. Kf1 Qb6 56. Kg2 Qc7 57. Qe4 Qb6 58. Qf3 f5 59. gxf5 exf5 60.
Qa8 Bxf2 61. Qg8+ Kh6 62. Qf8+ Kg5 63. Qe7+ Kf4 64. Qxh7 Be1 65. Qh6+ Ke4 66.
Qh3 Bb4 67. Qh4+ f4 68. Qg4 Qd6 69. Qf3+ Ke5 70. Qd3 Qxd3 71. Bxd3 g5 72. Kf3
Bc5 1/2-1/2

[Event "Superettan(Upsala II-Eksjo)"]
[Site "?"]
[Date "2007.10.21"]
[Round "2"]
[White "Thornert, Hakan"]
[Black "Svahn, Joel"]
[Result "1-0"]
[WhiteElo "2257"]
[BlackElo "2211"]
[PlyCount "71"]

1. e4 c5 2. Nf3 d6 3. d4 cxd4 4. Nxd4 Nf6 5. Nc3 a6 6. a4 e6 7. f4 Be7 8. Qf3
Qb6 9. Nb3 Nc6 10. a5 Qc7 11. Be3 O-O 12. Bd3 e5 13. Bb6 Qd7 14. f5 Nb4 15.
O-O-O d5 16. exd5 Nxd3+ 17. Rxd3 Qxf5 18. d6 Bd8 19. Nc5 Qg5+ 20. Kb1 Bxb6 21.
axb6 Bf5 22. Rdd1 Bg4 23. Qxb7 Bxd1 24. Rxd1 Rab8 25. Qc7 Qe3 26. b7 Rbd8 27.
d7 h6 28. Nxa6 Nxd7 29. Rxd7 Qg1+ 30. Nd1 Rxd7 31. Qxd7 Qxg2 32. b8=Q Rxb8 33.
Nxb8 Qf3 34. Nc6 e4 35. Ne7+ Kh7 36. Qd8 1-0

[Event "Superettan(Upsala II-Eksjo)"]
[Site "?"]
[Date "2007.10.21"]
[Round "2"]
[White "Johansson, Carl Fredrik"]
[Black "Ornstein, Axel"]
[Result "0-1"]
[WhiteElo "2208"]
[BlackElo "2440"]
[PlyCount "78"]

1. d4 Nf6 2. c4 e6 3. Nc3 Bb4 4. f3 d5 5. a3 Bxc3+ 6. bxc3 c6 7. cxd5 cxd5 8.
Bg5 h6 9. Bxf6 Qxf6 10. e3 Qh4+ 11. g3 Qd8 12. Bd3 Qa5 13. Ne2 b6 14. O-O Ba6
15. e4 O-O 16. e5 Nc6 17. f4 Ne7 18. g4 f5 19. h3 Rac8 20. Rf3 Bxd3 21. Qxd3
Rc4 22. Rg3 Ra4 23. g5 hxg5 24. Rxg5 Rxa3 25. Rxa3 Qxa3 26. Ng3 Rc8 27. Nh5 g6
28. Qg3 Qc1+ 29. Kh2 Qd2+ 30. Kh1 Kf7 31. Qh4 Qd1+ 32. Kh2 gxh5 33. Rxh5 Ke8
34. Rh7 Qd2+ 35. Kh1 Qc1+ 36. Kh2 Qa3 37. Qf6 Kd7 38. Rh6 Rc6 39. Qf8 Rxc3 0-1

[Event "Superettan(Upsala II-Eksjo)"]
[Site "?"]
[Date "2007.10.21"]
[Round "2"]
[White "Krantz, Christopher"]
[Black "Stenson, Johan"]
[Result "1-0"]
[WhiteElo "2142"]
[BlackElo "2136"]
[PlyCount "83"]

1. e4 c6 2. d4 d5 3. Nc3 dxe4 4. Nxe4 Bf5 5. Ng3 Bg6 6. h4 h6 7. Nf3 Nd7 8. h5
Bh7 9. Bd3 Bxd3 10. Qxd3 Ngf6 11. Bf4 Qa5+ 12. Bd2 Qc7 13. O-O-O e6 14. Ne4
Nxe4 15. Qxe4 Bd6 16. g3 O-O-O 17. c4 c5 18. d5 Nf6 19. Qc2 exd5 20. cxd5 Rhg8
21. Kb1 Kb8 22. Bc3 Ng4 23. Rhe1 b6 24. Rd2 Qd7 25. Rde2 Ka8 26. Nh4 f6 27. f4
c4 28. Qe4 Bc5 29. Qf3 f5 30. d6+ Qb7 31. Qxb7+ Kxb7 32. Re7+ Kc6 33. Nxf5 Bxd6
34. R1e6 Kd5 35. Rg6 Nf6 36. Nxd6 Kxd6 37. Rexg7 Rxg7 38. Rxg7 Ke6 39. Rg6 Rf8
40. Rxf6+ Rxf6 41. Bxf6 Kxf6 42. g4 1-0

[Event "Superettan(Upsala II-Eksjo)"]
[Site "?"]
[Date "2007.10.21"]
[Round "2"]
[White "Brandberg, Joakim"]
[Black "de Verdier, Michael"]
[Result "1/2-1/2"]
[WhiteElo "2090"]
[BlackElo "2222"]
[PlyCount "53"]

1. c4 Nf6 2. Nf3 e6 3. g3 d5 4. Bg2 Be7 5. O-O O-O 6. d4 dxc4 7. Qc2 a6 8. Qxc4
b5 9. Qc2 Bb7 10. Bd2 Ra7 11. e3 Be4 12. Qc1 Nbd7 13. Ba5 Qa8 14. Nbd2 Bd5 15.
Qc3 Rc8 16. Rfc1 c5 17. dxc5 Rxc5 18. Qd3 Ne4 19. Qf1 Bd8 20. Bxd8 Qxd8 21.
Nxe4 Bxe4 22. Rxc5 Nxc5 23. Ne5 Qc7 24. Rd1 f6 25. Bxe4 Nxe4 26. Nd3 Qc8 27.
Rc1 1/2-1/2

[Event "Superettan(Upsala II-Eksjo)"]
[Site "?"]
[Date "2007.10.21"]
[Round "2"]
[White "Andersson, Johan"]
[Black "Dolata, Henryk"]
[Result "1-0"]
[WhiteElo "2107"]
[BlackElo "2023"]
[PlyCount "33"]

1. e4 e6 2. Nf3 d5 3. Nc3 dxe4 4. Nxe4 Nd7 5. d4 Ngf6 6. Nxf6+ Nxf6 7. Ne5 Be7
8. Bd3 c5 9. Be3 cxd4 10. Bxd4 O-O 11. O-O b6 12. Nc6 Qc7 13. Nxe7+ Qxe7 14.
Qf3 Bb7 15. Bxf6 gxf6 16. Qg4+ Kh8 17. Qh4 1-0

[Event "Superettan(Upsala II-Eksjo)"]
[Site "?"]
[Date "2007.10.21"]
[Round "2"]
[White "Fallman, Micael"]
[Black "Akvist, Hakan"]
[Result "1-0"]
[WhiteElo "2090"]
[BlackElo "2116"]
[PlyCount "73"]

1. d4 Nf6 2. Nf3 c5 3. d5 e6 4. c4 exd5 5. cxd5 d6 6. Nc3 g6 7. e4 a6 8. a4 Bg7
9. Bd3 O-O 10. h3 Re8 11. O-O Qc7 12. Re1 Nbd7 13. Bf4 Nh5 14. Bh2 Ne5 15. Bf1
Nxf3+ 16. Qxf3 Be5 17. Rad1 Qe7 18. Bxe5 Qxe5 19. g3 Bd7 20. Qg2 g5 21. Be2 Ng7
22. Rf1 b5 23. axb5 axb5 24. f4 Qe7 25. e5 dxe5 26. d6 Qd8 27. Nd5 Ra4 28. Ne7+
Kh8 29. fxe5 Rf8 30. Rf6 Qa5 31. Qf2 Be6 32. Rxe6 Nxe6 33. Qf6+ Ng7 34. Nf5 Rg8
35. Nxg7 Rxg7 36. d7 Rd4 37. d8=Q+ 1-0

[Event "Superettan(Passanten-Vastervik)"]
[Site "?"]
[Date "2007.10.21"]
[Round "2"]
[White "Ask, Josef"]
[Black "Cramling, Dan"]
[Result "1-0"]
[WhiteElo "2272"]
[BlackElo "2382"]
[PlyCount "32"]

1. e4 c5 2. Nf3 e6 3. d4 cxd4 4. Nxd4 Nf6 5. Nc3 d6 6. Be2 Be7 7. O-O O-O 8.
Be3 Nc6 9. f4 Qc7 10. Qe1 Nxd4 11. Bxd4 e5 12. Be3 exf4 13. Rxf4 Be6 14. Rd1
Nd7 15. Bd4 Ne5 16. Qg3 a6 1-0

[Event "Superettan(Passanten-Vastervik)"]
[Site "?"]
[Date "2007.10.21"]
[Round "2"]
[White "Larsson, Per"]
[Black "Karlsson, Jorgen"]
[Result "0-1"]
[WhiteElo "2360"]
[BlackElo "2178"]
[PlyCount "60"]

1. Nf3 g6 2. c4 Bg7 3. Nc3 c5 4. g3 Nc6 5. Bg2 e6 6. a3 Nge7 7. O-O O-O 8. d3
d5 9. Bd2 b6 10. Rb1 d4 11. Na4 Bd7 12. b4 cxb4 13. axb4 Rc8 14. b5 Ne5 15. Qb3
Nxf3+ 16. Bxf3 e5 17. Rfc1 Be6 18. Bb4 Re8 19. Ra1 f5 20. Nb2 Rc7 21. Qa3 g5
22. Bd6 Rd7 23. c5 bxc5 24. Bxc5 Nd5 25. Bxa7 Nc3 26. Bh5 Bf7 27. Bxf7+ Rxf7
28. Rxc3 dxc3 29. Nc4 e4 30. d4 f4 0-1

[Event "Superettan(Passanten-Vastervik)"]
[Site "?"]
[Date "2007.10.21"]
[Round "2"]
[White "Sternlund, Hakan"]
[Black "Sanden, Stefan"]
[Result "1/2-1/2"]
[WhiteElo "2224"]
[BlackElo "2327"]
[PlyCount "85"]

1. c4 c5 2. Nc3 Nc6 3. Nf3 g6 4. e3 Bg7 5. d4 d6 6. d5 Ne5 7. Nxe5 dxe5 8. e4
Nf6 9. Be3 b6 10. Be2 O-O 11. a3 Bd7 12. b4 Rc8 13. O-O Ne8 14. f3 Nd6 15. bxc5
bxc5 16. a4 f5 17. a5 h5 18. Qc1 Kh7 19. Qa3 Qc7 20. Bd3 Bh6 21. Bf2 Bd2 22.
Rfd1 Bf4 23. Rab1 h4 24. Nb5 Bxb5 25. cxb5 c4 26. Bc2 fxe4 27. Qc3 exf3 28.
gxf3 Qd7 29. Kg2 Nxb5 30. Qe1 h3+ 31. Kh1 Nd6 32. Bg3 Nf5 33. Bxf4 exf4 34. Qe4
Rf6 35. Qxf4 c3 36. a6 Qd6 37. Qg4 Rcf8 38. f4 Qxa6 39. Qxh3+ Kg7 40. Qxc3 Qe2
41. Re1 Qg4 42. Bxf5 Qxf5 43. Rxe7+ 1/2-1/2

[Event "Superettan(Passanten-Vastervik)"]
[Site "?"]
[Date "2007.10.21"]
[Round "2"]
[White "Lundin, Anders"]
[Black "Elenius, Erik"]
[Result "0-1"]
[WhiteElo "2190"]
[BlackElo "2167"]
[PlyCount "70"]

1. d4 Nf6 2. c4 c5 3. d5 e6 4. Nc3 exd5 5. cxd5 d6 6. e4 g6 7. Nf3 Bg7 8. Bg5
O-O 9. Nd2 h6 10. Bh4 Re8 11. Be2 a6 12. a4 Nbd7 13. O-O g5 14. Bg3 Ne5 15. Qc2
Nfd7 16. f4 gxf4 17. Rxf4 Ng6 18. Rff1 Nde5 19. Nd1 Qg5 20. Ra3 h5 21. Nf3
Nxf3+ 22. Raxf3 Bd4+ 23. Bf2 Bg4 24. Rxf7 Rf8 25. Rxf8+ Rxf8 26. Bxd4 Rxf1+ 27.
Bxf1 cxd4 28. Nf2 Ne5 29. Nxg4 hxg4 30. Qc8+ Kg7 31. Qxb7+ Kh6 32. Qxa6 d3 33.
Bxd3 Qe3+ 34. Kh1 Nxd3 35. Qxd6+ Kh5 0-1

[Event "Superettan(Passanten-Vastervik)"]
[Site "?"]
[Date "2007.10.21"]
[Round "2"]
[White "Nilsson, Victor"]
[Black "Loven, Anders"]
[Result "1-0"]
[WhiteElo "2170"]
[BlackElo "2145"]
[PlyCount "77"]

1. d4 d5 2. c4 dxc4 3. Nf3 c5 4. e4 cxd4 5. Qxd4 Qxd4 6. Nxd4 a6 7. Nc3 e6 8.
Bxc4 Bb4 9. Bd2 Nf6 10. f3 O-O 11. Nc2 Bc5 12. b4 Be7 13. O-O Nc6 14. Rab1 Bd7
15. Rfc1 Rfc8 16. Be2 Ne5 17. Ne3 b5 18. Be1 Be8 19. a3 Rd8 20. Rd1 Nc6 21. Nc2
Kf8 22. Bf2 Rac8 23. Na1 Rxd1+ 24. Nxd1 Ne5 25. Nb3 Nfd7 26. Rc1 Rxc1 27. Nxc1
Nc4 28. Bxc4 bxc4 29. Nb2 Bg5 30. Ne2 c3 31. Nxc3 Bc1 32. Nc4 Nb8 33. Bc5+ Kg8
34. Bd6 Nd7 35. a4 f5 36. e5 g5 37. b5 axb5 38. axb5 g4 39. b6 1-0

[Event "Superettan(Passanten-Vastervik)"]
[Site "?"]
[Date "2007.10.21"]
[Round "2"]
[White "Harren, Mats"]
[Black "Danielsson, Robert"]
[Result "0-1"]
[WhiteElo "2078"]
[BlackElo "1987"]
[PlyCount "116"]

1. e4 c5 2. d4 cxd4 3. c3 g6 4. Nf3 Bg7 5. cxd4 d5 6. exd5 Nf6 7. Nc3 Nxd5 8.
Bc4 Nb6 9. Bb3 O-O 10. h3 Nc6 11. Be3 Na5 12. O-O Nxb3 13. Qxb3 Be6 14. Qc2 Rc8
15. Rfd1 Bd5 16. Qe2 Nc4 17. Nxd5 Qxd5 18. Bf4 e6 19. Be5 Nd6 20. Ng5 Rfe8 21.
Nf3 Rc6 22. Rac1 Rec8 23. Rxc6 Rxc6 24. Bxg7 Kxg7 25. Qe5+ f6 26. Qxd5 exd5 27.
Rd2 Rc1+ 28. Kh2 Ne4 29. Re2 Kf7 30. g3 Ke7 31. Kg2 Kd7 32. g4 Rd1 33. Re1 Rxe1
34. Nxe1 Kc6 35. Kf1 Ng5 36. h4 Ne6 37. Nc2 Nf4 38. f3 Kb5 39. b3 Nd3 40. a4+
Ka5 41. Ne3 Nf4 42. Nc2 b5 43. axb5 Kxb5 44. Kf2 Nd3+ 45. Kg3 Nc1 46. Ne3 Kc6
47. g5 fxg5 48. hxg5 Ne2+ 49. Kg4 Nxd4 50. b4 Ne6 51. f4 d4 52. Nd1 Ng7 53. Kf3
Kd5 54. Nb2 Nf5 55. Nd3 Kc4 56. Ne5+ Kxb4 57. Nc6+ Kc5 58. Nxa7 Kb6 0-1

[Event "Superettan(Manhem-Rockaden II,Sthlm)"]
[Site "?"]
[Date "2007.10.21"]
[Round "2"]
[White "Bator, Zbigniew"]
[Black "Eriksson, Mats"]
[Result "1/2-1/2"]
[WhiteElo "2298"]
[BlackElo "2211"]
[PlyCount "21"]

1. d4 d5 2. Nf3 Nf6 3. Bf4 Bf5 4. e3 e6 5. h3 Bd6 6. Bxd6 Qxd6 7. c3 Nbd7 8.
Bd3 Bxd3 9. Qxd3 O-O 10. Nbd2 e5 11. dxe5 1/2-1/2

[Event "Superettan(Manhem-Rockaden II,Sthlm)"]
[Site "?"]
[Date "2007.10.21"]
[Round "2"]
[White "Fendrich, David"]
[Black "Olofsson, Dan"]
[Result "1-0"]
[WhiteElo "2287"]
[BlackElo "2227"]
[PlyCount "63"]

1. g3 d5 2. c4 c6 3. Bg2 Nf6 4. Nf3 g6 5. b3 Bg7 6. Bb2 O-O 7. O-O Bg4 8. d3
Nbd7 9. Nbd2 Bxf3 10. Nxf3 dxc4 11. bxc4 Qa5 12. d4 Ne4 13. Qc2 f5 14. Rfd1
Rfd8 15. Ne1 Nd6 16. c5 Nf7 17. Qc4 Nf6 18. Nd3 Nd5 19. Nf4 Nxf4 20. gxf4 Qc7
21. e3 Qd7 22. Bc3 e6 23. Rab1 Qe7 24. Ba5 Rd7 25. Rb4 e5 26. fxe5 Bxe5 27.
Rdb1 Bc7 28. Rxb7 Bxh2+ 29. Kxh2 Rxb7 30. Rxb7 Qxb7 31. d5 Ne5 32. dxc6+ 1-0

[Event "Superettan(Manhem-Rockaden II,Sthlm)"]
[Site "?"]
[Date "2007.10.21"]
[Round "2"]
[White "Hanninger, Simon"]
[Black "Welin, Mats"]
[Result "1/2-1/2"]
[WhiteElo "2188"]
[BlackElo "2283"]
[PlyCount "72"]

1. Nc3 Nf6 2. Nf3 d5 3. d3 c5 4. Bg5 d4 5. Bxf6 gxf6 6. Ne4 Qb6 7. Qc1 Bg7 8.
g3 O-O 9. Bg2 Nc6 10. O-O Bd7 11. Nfd2 Ne5 12. f4 Ng4 13. Nc4 Qc7 14. a4 f5 15.
Ned2 Bc6 16. Nf3 Bd5 17. h3 Nf6 18. Nce5 Kh8 19. e4 dxe3 20. Qxe3 b6 21. Rae1
Rae8 22. g4 Qc8 23. g5 Ng8 24. Qf2 f6 25. Ng6+ hxg6 26. Qh4+ Bh6 27. gxh6 Kh7
28. Re3 Qd7 29. Rfe1 e6 30. Qg3 Qf7 31. c4 Bxf3 32. Qxf3 Re7 33. Qc6 Rfe8 34.
Qd6 Rd7 35. Qc6 Rc7 36. Qd6 Rd7 1/2-1/2

[Event "Superettan(Manhem-Rockaden II,Sthlm)"]
[Site "?"]
[Date "2007.10.21"]
[Round "2"]
[White "Andersson, Goran"]
[Black "Sandbom, Jonas"]
[Result "1-0"]
[WhiteElo "2190"]
[BlackElo "2216"]
[PlyCount "63"]

1. e4 c5 2. Nf3 e6 3. d4 cxd4 4. Nxd4 Nf6 5. Nc3 d6 6. Be2 Be7 7. O-O O-O 8. f4
Nc6 9. Be3 a6 10. Qe1 Qc7 11. Qg3 Nxd4 12. Bxd4 b5 13. a3 Bb7 14. Kh1 g6 15.
Bf3 Rad8 16. e5 dxe5 17. Bxe5 Qc8 18. Qh4 Nd5 19. Qh6 f6 20. Nxd5 Bxd5 21. Bc3
Rf7 22. Qh3 Bf8 23. Rfe1 Qc6 24. Bxd5 exd5 25. Re6 Rd6 26. Rae1 Rxe6 27. Qxe6
Qxe6 28. Rxe6 Rc7 29. Rxa6 d4 30. Bxd4 Rxc2 31. h3 Bc5 32. Rc6 1-0

[Event "Superettan(Manhem-Rockaden II,Sthlm)"]
[Site "?"]
[Date "2007.10.21"]
[Round "2"]
[White "Lissang, Christopher"]
[Black "von Bromssen, Goran"]
[Result "1/2-1/2"]
[WhiteElo "2180"]
[BlackElo "2084"]
[PlyCount "48"]

1. d4 Nf6 2. Nf3 g6 3. c4 Bg7 4. Nc3 d5 5. Bg5 Ne4 6. cxd5 Nxg5 7. Nxg5 e6 8.
Nf3 exd5 9. e3 a5 10. Be2 O-O 11. O-O c6 12. Ne1 Re8 13. Nd3 Bf5 14. a3 Na6 15.
Qd2 Qd6 16. Rfc1 b5 17. Na2 b4 18. axb4 Bxd3 19. Bxd3 Nxb4 20. Nxb4 axb4 21.
Rxa8 Rxa8 22. Qc2 Ra2 23. Qb3 Ra5 24. Qc2 Ra2 1/2-1/2

[Event "Superettan(Manhem-Rockaden II,Sthlm)"]
[Site "?"]
[Date "2007.10.21"]
[Round "2"]
[White "Bergre, Joachim"]
[Black "Heden, Gustav"]
[Result "1-0"]
[WhiteElo "2107"]
[BlackElo "2103"]
[PlyCount "83"]

1. e4 c5 2. Nc3 Nc6 3. g3 g6 4. Bg2 Bg7 5. d3 e6 6. Be3 b6 7. Qd2 h6 8. Nge2
Nge7 9. d4 cxd4 10. Nxd4 Ne5 11. Ndb5 d5 12. exd5 Bb7 13. Qe2 exd5 14. Bf4 f6
15. Rd1 O-O 16. O-O g5 17. Bc1 Qd7 18. Nd4 g4 19. f4 gxf3 20. Nxf3 Rad8 21. Nd4
Rfe8 22. Qh5 Qg4 23. Qxg4 Nxg4 24. Bf3 f5 25. h3 Nf6 26. Ne6 Rd6 27. Nc7 Red8
28. Bf4 R6d7 29. Ne6 Rc8 30. Nxg7 Kxg7 31. Be5 Kg6 32. g4 fxg4 33. Be2 Nfg8 34.
Bd3+ Kg5 35. Rf7 Kh4 36. Bf6+ Nxf6 37. Rxf6 gxh3 38. Rxh6+ Kg4 39. Rg6+ Kh5 40.
Rf1 Rcc7 41. Rf3 Kh4 42. Kh2 1-0

[Event "Superettan(Manhem-Rockaden II,Sthlm)"]
[Site "?"]
[Date "2007.10.21"]
[Round "2"]
[White "Backman, Michael"]
[Black "Lundstrom, Mattias"]
[Result "1-0"]
[WhiteElo "2129"]
[BlackElo "2036"]
[PlyCount "69"]

1. d4 d5 2. c4 e6 3. Nc3 c6 4. cxd5 exd5 5. Qc2 Bd6 6. Nf3 h6 7. g3 Nf6 8. Bf4
O-O 9. e3 b6 10. Bd3 c5 11. O-O-O Na6 12. Qd2 Nb4 13. Ne5 Nxd3+ 14. Nxd3 cxd4
15. exd4 Bf5 16. f3 Rc8 17. Kb1 Bb4 18. Rc1 Ne4 19. fxe4 dxe4 20. Nxb4 e3+ 21.
Qc2 Bxc2+ 22. Nxc2 Re8 23. Bxe3 Qd7 24. Bf4 Qf5 25. Rhf1 Qd7 26. Rcd1 b5 27. h4
a5 28. Rfe1 b4 29. Ne4 Qf5 30. Nc5 g5 31. Be3 Qg4 32. hxg5 hxg5 33. d5 Qf5 34.
g4 Qg6 35. d6 1-0

[Event "Superettan(Manhem-Rockaden II,Sthlm)"]
[Site "?"]
[Date "2007.10.21"]
[Round "2"]
[White "Hansson, Johan"]
[Black "Garde, Gunnar"]
[Result "1-0"]
[WhiteElo "1901"]
[BlackElo "2050"]
[PlyCount "41"]

1. e4 e5 2. f4 d6 3. Nc3 g6 4. Nf3 Bg7 5. Be2 Ne7 6. O-O O-O 7. d3 exf4 8. Bxf4
h6 9. d4 c6 10. Bd3 f5 11. exf5 Nxf5 12. Ne2 Rf6 13. Qd2 g5 14. Nxg5 hxg5 15.
Bxg5 Nh4 16. Bxf6 Bxf6 17. Qh6 Bf5 18. Rxf5 Nxf5 19. Bxf5 Qe7 20. Nf4 Bxd4+ 21.
Kh1 1-0

[Event "Superettan(Lundby-Farsta)"]
[Site "?"]
[Date "2007.10.21"]
[Round "2"]
[White "Hjelm, Niclas"]
[Black "Virolainen, Victor"]
[Result "1-0"]
[WhiteElo "2347"]
[BlackElo "2239"]
[PlyCount "57"]

1. e4 e6 2. d4 d5 3. Nd2 Be7 4. c3 c5 5. dxc5 Nf6 6. exd5 Qxd5 7. Ngf3 Qxc5 8.
Bd3 O-O 9. Qe2 Nbd7 10. O-O b6 11. Ne4 Qc7 12. Bg5 Bb7 13. Rad1 Rad8 14. Rfe1
Ba8 15. Bh4 Qb7 16. Bc2 Qc6 17. Rd4 b5 18. a4 a6 19. axb5 axb5 20. Bd3 Rb8 21.
Rd1 e5 22. Rxd7 Nxd7 23. Bxe7 Rfe8 24. Bb4 Nf6 25. Nxf6+ gxf6 26. Bf5 Rbd8 27.
Rxd8 Rxd8 28. Ne1 Kh8 29. Qh5 1-0